000 01497nam0a2200337 4500
001 RU\NLR\bibl\898903
005 20260406025741.0
010 _a5-352-01542-4
_94000
035 _a(NLR Aleph) 000887354
090 _a1696670
_c1696670
100 _a20060121d2005 |||y0rusy50 ca
101 1 _arus
_aeng
102 _aRU
105 _ay |||||||||
200 1 _aИ в одиночестве, и вместе...
_dIn solitude, for company...
_eсемь английских поэтов XX века
_f[В. Шестаков, сост., ст., пер. с англ.]
_zeng
210 _aСанкт-Петербург
_cАзбука-классика
_d2005
215 _a302,[1] с.
_d18
225 1 _aBilingua
225 1 _aАзбука-классика
300 _aТекст парал. на рус. и англ. яз.
320 _aБиблиогр. в подстроч. прим.
327 1 _aСодерж.: авторы: Руперт Брук, Уильям Батлер Йейтс, Джон Бетчемен, Уистен Хью Оден, Дилан Томас, Чарльз Коусли, Дженни Джозеф
510 1 _aIn solitude, for company...
_zeng
686 _aШ6(4Вл)07-5я43{Лх1290-175сб}
702 1 _4220
_8rus
_7ca
_aШестаков
_bВ.П.
_f1935-
_gВячеслав Павлович
_3RU\NLR\auth\77212
_9110276
801 0 _aRU
_bNLR
_c20060121
_grcr
801 1 _aRU
_bNLR
_c20060121
830 _aАвт. по кн
942 _cBOOK
980 _aNB